| 000 | 01397nam a22003857a 4500 | ||
|---|---|---|---|
| 001 | 4924985 | ||
| 003 | OSt | ||
| 005 | 20210422055119.0 | ||
| 008 | 950509s1995 nyub b 001 0 eng | ||
| 010 | _a 95019722 | ||
| 020 | _a0809030438 (alk. paper) | ||
| 040 |
_aeng _cDLC _deng _beng |
||
| 041 | _aeng | ||
| 043 | _amb----- | ||
| 050 | 0 | 0 |
_aDJK66 _b.A83 1995 |
| 080 |
_a94 _bA-83 |
||
| 082 | 0 | 0 |
_a909/.096389 _220 |
| 100 | 1 | _aAscherson, Neal. | |
| 245 | 1 | 0 |
_aBlack Sea / _cNeal Ascherson. |
| 250 | _a1st American ed. | ||
| 260 |
_aNew York : _bHill and Wang, _c1995. |
||
| 300 |
_aix, 305 p. : _bmap ; _c25 cm. |
||
| 365 | _b23 usd | ||
| 504 | _aIncludes bibliographical references (p. 285-289) and index. | ||
| 650 | 0 |
_9252 _aHistory |
|
| 651 | 0 |
_aBlack Sea Region _xHistory. |
|
| 653 | _aისტორია | ||
| 653 | _aშავი ზღვის რეგიონი | ||
| 856 | 4 | 2 |
_3Book review (H-Net) _uhttp://www.h-net.org/review/hrev-a0a3i2-aa |
| 856 | 4 | 2 |
_3Contributor biographical information _uhttp://www.loc.gov/catdir/enhancements/fy0667/95019722-b.html |
| 856 | 4 | 2 |
_3Publisher description _uhttp://www.loc.gov/catdir/enhancements/fy0667/95019722-d.html |
| 906 |
_a7 _bcbc _corignew _d1 _eocip _f19 _gy-gencatlg |
||
| 942 |
_2udc _cBK _e1 |
||
| 999 |
_c798 _d798 |
||